Исследования по истории физики и механики. 1986: ежегодник

Detalles Bibliográficos
Autor Corporativo: Академия наук СССР (АН СССР) Институт истории естествознания и техники (ИИЕТ АН СССР)
Lenguaje:ruso
Publicado: Москва, Наука, 1986
Materias:
Formato: Libro
KOHA link:https://koha.lib.tpu.ru/cgi-bin/koha/opac-detail.pl?biblionumber=266286

MARC

LEADER 00000nam0a2200000 4500
001 266286
005 20231101234005.0
020 |a RU  |b 85-59086 
035 |a (RuTPU)RU\TPU\book\289305 
090 |a 266286 
100 |a 20140707d1986 km y0rusy5003 ca 
101 0 |a rus 
102 |a RU 
105 |a a z 001zd 
200 1 |a Исследования по истории физики и механики. 1986  |e ежегодник  |f Академия наук СССР (АН СССР), Институт истории естествознания и техники (ИИЕТ АН СССР) 
210 |a Москва  |c Наука  |d 1986 
215 |d 22 см  |a 271 с.  |c ил. 
320 |a Библиография в конце статей 
320 |a Именной указатель: с. 260-266. 
600 1 |a Галилей  |b Г.  |c итальянский учёный  |c один из основателей точного естествознания  |f 1564-1642  |g Галилео  |2 stltpush  |3 (RuTPU)RU\TPU\pers\94  |9 56 
600 1 |a Гельмгольц  |b Г. Л. Ф.  |c немецкий естествоиспытатель  |f 1821-1893  |g Герман Людвиг Фердинанд  |2 stltpush  |3 (RuTPU)RU\TPU\pers\6201  |9 1207 
600 1 |a Вебер  |b В. Э.  |c немецкий физик  |f 1804-1890  |g Вильгельм Эдуард  |2 stltpush  |3 (RuTPU)RU\TPU\pers\9863  |9 2063 
600 1 |a Эйлер  |g Леонард  |f 1717-1783  |b Л.  |c российский учёный швейцарского происхождения  |c математик  |c физик  |c механик  |c астроном  |2 stltpush  |3 (RuTPU)RU\TPU\pers\525 
600 1 |a Понселе  |b Ж. В.  |c французский механик  |c инженер  |f 1788-1867  |g Жан Виктор  |2 stltpush  |3 (RuTPU)RU\TPU\pers\16116  |9 5685 
600 1 |a Мусхелишвили  |b Н. И.  |c механик  |c математик  |f 1891-1976  |g Николай Иванович  |2 stltpush  |3 (RuTPU)RU\TPU\pers\25450  |9 11392 
600 1 |a Ломоносов  |g Михаил Васильевич  |b М. В.  |c ученый-естествоиспытатель, поэт, историк, художник, деятель просвещения, науки и экономики  |f 1711-1765  |2 stltpush  |3 (RuTPU)RU\TPU\pers\975 
600 1 |a Бор  |g Нильс Хедрик Давид  |b Н. Х. Д.  |c датский физик  |f 1885-1962  |2 stltpush  |3 (RuTPU)RU\TPU\pers\950 
606 1 |a Физическая наука  |x История  |2 stltpush  |3 (RuTPU)RU\TPU\subj\63824  |9 80761 
610 1 |a физика 
610 1 |a механика 
610 1 |a аксиоматика 
610 1 |a спектроскопия 
610 1 |a 19 век 
610 1 |a электродинамика 
610 1 |a периодическая система 
610 1 |a интерпретация 
610 1 |a магнетосопротивление 
610 1 |a деформируемые твердые тела 
610 1 |a геометрия 
675 |a 53(09)  |z rus  |v 3 
712 0 2 |a Академия наук СССР (АН СССР)  |b Институт истории естествознания и техники (ИИЕТ АН СССР)  |c (Москва)  |2 stltpush  |3 (RuTPU)RU\TPU\col\8662 
801 0 |a RU  |b RuMRKP  |c 19950704  |g psbo 
801 1 |a RU  |b 63413507  |c 20140707 
801 2 |a RU  |b 63413507  |c 20180112  |g RCR 
942 |c BK